| 000 | 01004nam a2200241 u 4500 | ||
|---|---|---|---|
| 001 | 000277884 | ||
| 003 | AM-YeHGA | ||
| 005 | 20250618071826.0 | ||
| 008 | 031030s1962 ai r 000 0 arm d | ||
| 040 | _aAM-YeHGA | ||
| 041 | 1 |
_aarm _hukr |
|
| 080 | _aC(ուկր) | ||
| 090 | _aՎ-86 | ||
| 100 | 1 | _aՎորոնկո, Պլատոն | |
| 245 | 1 | 0 |
_aՔո գրքույկը / : _bԲանաստեղծություններ / _cՊ. Վորոնկո; Փոխադր.՝ Երջ. Առաքելյան; Խմբ.՝ Էդ. Ավագյան; Նկ.՝ Ն. Ցեյտլին. |
| 260 |
_aԵրևան : _bՀայպետհրատ, _c1962. |
||
| 300 |
_a28 էջ : _bնկ. ; _c20 սմ. |
||
| 650 | 1 | 4 |
_aՈւկրաինական մանկական գրականություն _xՀեքիաթ |
| 700 | 1 |
_aԱռաքելյան, Երջանիկ Գեղամի, _d1918-1981 _eփոխադր. _4trl _91982 |
|
| 700 | 1 |
_aԱվագյան, Էդուարդ Սամվելի, _d1927-2010 _eխմբ. _4edt _91279 |
|
| 700 | 1 |
_aՑեյտլին, Ն. _eնկ. _4art |
|
| 090 | _c102734 | ||
| 999 |
_c101416 _d101416 |
||